| 000 | 00440nam a22001577a 4500 | ||
|---|---|---|---|
| 005 | 20170822175009.0 | ||
| 008 | 140108b xxu||||| |||| 00| 0 eng d | ||
| 040 |
_aBSU _dBSU |
||
| 082 |
_222 _a808.066 WRI |
||
| 100 |
_aGibbons,Reginald _916246 |
||
| 245 |
_aWriting and Well-Being _bA special Issue of TriQuarterly Magazine |
||
| 260 |
_bNorthwestern University _c1989 |
||
| 300 |
_a1,173p. _c27cm |
||
| 658 | _aLiterature | ||
| 942 |
_2ddc _cBK |
||
| 999 |
_c7570 _d7570 |
||